[Event "87th Argentinean Championship"]
[Site "Villa Martelli, ARG"]
[Date "2013.04.13"]
[Round "11.19"]
[White "Franco, Gaston Nicolas"]
[Black "Galleto, Ricardo Ruben"]
[Result "1-0"]
[WhiteElo "2042"]
[BlackElo "2014"]

1. e4 e5 2. Nf3 Nc6 3. Bb5 Nd4 4. Nxd4 exd4 5. d3 Qh4 6. Qf3 Bd6 7. h3 h5 8.
Nd2 c6 9. Bc4 Qe7 10. Qe2 Bc7 11. Nf3 Ba5+ 12. Bd2 Bxd2+ 13. Nxd2 d6 14. Nf3
Bd7 15. Nxd4 O-O-O 16. O-O-O b5 17. Bb3 c5 18. Nf3 Bc6 19. Rhe1 Nh6 20. Qd2
Qc7 21. c3 a5 22. Kb1 Rhe8 23. Bd5 Qb7 24. Qg5 f6 25. Bxc6 Qxc6 26. Qxg7 Ng8
27. Qf7 b4 28. Rc1 Re7 29. Qc4 Rc7 30. cxb4 axb4 31. Nd4 Qa4 32. Ne6 1-0

[Event "87th Argentinean Championship"]
[Site "Villa Martelli, ARG"]
[Date "2013.04.13"]
[Round "11.20"]
[White "Nieva, Jose Luis"]
[Black "Ferrara, Alexis Roberto"]
[Result "1/2-1/2"]
[WhiteElo "2039"]
[BlackElo "2195"]

1. d4 d5 2. c4 Bf5 3. Nc3 e6 4. Nf3 Nc6 5. a3 Nf6 6. Bg5 Be7 7. e3 dxc4 8.
Bxc4 Ne4 9. Bxe7 Nxe7 10. O-O O-O 11. Rc1 c6 12. Qe2 Nxc3 13. Rxc3 Bg4 14. h3
Bh5 15. Rd1 Nd5 16. Rcc1 Qf6 17. g4 Bg6 18. Ne5 Rfe8 19. Qf3 Qxf3 20. Nxf3 f6
21. b4 a6 22. Ne1 Rad8 23. Nd3 Bxd3 24. Bxd3 Kf7 25. Kg2 g6 26. Kg3 f5 27.
Rc5 h6 28. Bc4 Kf6 29. Bxd5 Rxd5 30. Rdc1 g5 31. Rxd5 exd5 32. gxf5 Kxf5 33. a4
h5 34. b5 axb5 35. axb5 Re6 36. b6 Re8 37. Ra1 h4+ 38. Kf3 Rf8 39. Ra7 Rf7
40. Ra8 Ke6+ 41. Ke2 Rg7 42. Rb8 Kd6 43. Rd8+ Ke7 44. Rh8 Ke6 45. Kf3 Rf7+ 46.
Kg2 Rg7 47. Rh6+ Kf5 48. Kf3 Rf7 49. Ke2 Rg7 50. f3 Re7 51. Kd3 Rg7 52. Ke2
Re7 53. Rd6 Rg7 54. Kd3 Re7 1/2-1/2